[Event "Titled Tuesday intern op 25th Feb Early"]
[Site "Chess.com INT"]
[Date "2025.02.25"]
[Round "6"]
[White "Sorensen, Hampus"]
[Black "Dragnev, Valentin"]
[Result "1-0"]
[WhiteElo "2430"]
[BlackElo "2550"]
[PlyCount "83"]
[EventDate "2025.02.25"]
[EventType "swiss (blitz)"]
[EventRounds "11"]
[EventCountry "USA"]
[SourceTitle "CB10_2025"]
[SourceDate "2025.03.05"]
[SourceVersion "1"]
[SourceVersionDate "2025.03.05"]
[SourceQuality "1"]

1. d4 d5 2. c4 e6 3. Nc3 c5 4. cxd5 exd5 5. Nf3 Nf6 6. g3 Nc6 7. Bg2 Be7 8. 0-0 0-0 9. Bf4 c4 10. Ne5 Be6 11. Rc1 h6 12. b3 Ba3 13. Rc2 Bf5 14. e4 cxb3 15. axb3 dxe4 16. Nxc6 bxc6 17. Nb1 Bb4 18. Rxc6 Qd5 19. Rc4 Qa5 20. Bd2 Bxd2 21. Qxd2 Qa6 22. Ra4 Qe6 23. d5 Nxd5 24. Re1 Nf6 25. Nc3 Qxb3 26. Rd4 a5 27. Nxe4 Nxe4 28. Bxe4 Bxe4 29. Rexe4 a4 30. Rb4 Qa3 31. Kg2 Ra7 32. Qd4 Rfa8 33. Rb8+ Rxb8 34. Qxa7 Rb4 35. Re8+ Kh7 36. Qxf7 Qc3 37. Qg8+ Kg6 38. Re6+ Kg5 39. h4+ Kh5 40. Qf7+ Kg4 41. Rg6+ Kh5 42. Rg5# 1-0

[Event "Titled Tuesday intern op 25th Feb Early"]
[Site "Chess.com INT"]
[Date "2025.02.25"]
[Round "3"]
[White "Sorensen, Hampus"]
[Black "Warchol, Kamil"]
[Result "1-0"]
[WhiteElo "2430"]
[BlackElo "2158"]
[PlyCount "83"]
[EventDate "2025.02.25"]
[EventType "swiss (blitz)"]
[EventRounds "11"]
[EventCountry "USA"]
[SourceTitle "CB10_2025"]
[SourceDate "2025.03.05"]
[SourceVersion "1"]
[SourceVersionDate "2025.03.05"]
[SourceQuality "1"]

1. d4 Nf6 2. Nf3 g6 3. Nbd2 d5 4. b4 Bg7 5. Bb2 0-0 6. e3 b6 7. c4 dxc4 8. Bxc4 Bb7 9. a4 Nbd7 10. Qb3 Rb8 11. b5 c5 12. bxc6 Bxc6 13. 0-0 e6 14. Rfc1 Bb7 15. Bb5 Rc8 16. Ba3 Re8 17. Nc4 Ne4 18. Nfe5 Nxe5 19. Nxe5 Bd5 20. Qb2 Rxc1+ 21. Rxc1 Bxe5 22. dxe5 Re7 23. Bxe7 Qxe7 24. f3 Nc5 25. e4 Bb7 26. Rd1 Qg5 27. Qd4 Kg7 28. g3 h5 29. Qd2 Qxe5 30. Qd4 Kf6 31. Kf2 Qxd4+ 32. Rxd4 Ke7 33. Ke3 a6 34. Be2 Bc6 35. Bd1 a5 36. Bc2 b5 37. axb5 Bxb5 38. f4 a4 39. Rb4 Bc6 40. Rc4 Kd6 41. e5+ Kd5 42. Rd4# 1-0

[Event "Titled Tuesday intern op 25th Feb Early"]
[Site "Chess.com INT"]
[Date "2025.02.25"]
[Round "7"]
[White "Svane, Rasmus"]
[Black "Sorensen, Hampus"]
[Result "1-0"]
[WhiteElo "2621"]
[BlackElo "2430"]
[PlyCount "55"]
[EventDate "2025.02.25"]
[EventType "swiss (blitz)"]
[EventRounds "11"]
[EventCountry "USA"]
[SourceTitle "CB10_2025"]
[SourceDate "2025.03.05"]
[SourceVersion "1"]
[SourceVersionDate "2025.03.05"]
[SourceQuality "1"]

1. Nf3 Nf6 2. g3 d5 3. Bg2 c6 4. 0-0 Bg4 5. h3 Bh5 6. d4 e6 7. c4 Nbd7 8. cxd5 exd5 9. Ne5 Nxe5 10. dxe5 Ne4 11. Bxe4 dxe4 12. Nc3 Bb4 13. Nxe4 Qxd1 14. Rxd1 Bxe2 15. Rd4 Be7 16. Bg5 Bf3 17. Bxe7 Bxe4 18. Bf6 gxf6 19. Rxe4 Ke7 20. exf6+ Kxf6 21. Rae1 Rab8 22. Rf4+ Kg6 23. Re7 Rhf8 24. Rb4 a5 25. Rbxb7 Rxb7 26. Rxb7 Re8 27. Rb6 Re6 28. Ra6 1-0

[Event "Cappelle op 41st"]
[Site "Cappelle la Grande"]
[Date "2025.02.19"]
[Round "7"]
[White "Muthaiah, Al"]
[Black "Sorensen, Hampus"]
[Result "1/2-1/2"]
[WhiteElo "2474"]
[BlackElo "2430"]
[PlyCount "27"]
[EventDate "2025.02.15"]
[EventType "swiss"]
[EventRounds "9"]
[EventCountry "FRA"]
[SourceTitle "CB09_2025"]
[SourceDate "2025.02.27"]
[SourceVersion "1"]
[SourceVersionDate "2025.02.27"]
[SourceQuality "1"]

1. d4 Nf6 2. Bf4 d5 3. e3 c5 4. Nf3 Nc6 5. Nbd2 cxd4 6. exd4 a6 7. c3 Bf5 8. Be2 h6 9. Ne5 e6 10. Nxc6 bxc6 11. Qa4 Qd7 12. b4 Ne4 13. Nxe4 Bxe4 14. 0-0 1/2-1/2

[Event "Cappelle op 41st"]
[Site "Cappelle la Grande"]
[Date "2025.02.18"]
[Round "5"]
[White "Degraeve, Remy"]
[Black "Sorensen, Hampus"]
[Result "1/2-1/2"]
[WhiteElo "2371"]
[BlackElo "2430"]
[PlyCount "100"]
[EventDate "2025.02.15"]
[EventType "swiss"]
[EventRounds "9"]
[EventCountry "FRA"]
[SourceTitle "CB09_2025"]
[SourceDate "2025.02.27"]
[SourceVersion "1"]
[SourceVersionDate "2025.02.27"]
[SourceQuality "1"]

1. e4 c5 2. Nf3 d6 3. d4 cxd4 4. Nxd4 Nf6 5. Nc3 a6 6. Bd3 e5 7. Nde2 Be7 8. 0-0 0-0 9. Ng3 Bg4 10. Be2 Be6 11. Nd5 Nxd5 12. exd5 Bc8 13. f4 f5 14. Kh1 Nd7 15. c4 a5 16. Qc2 g6 17. Be3 Bf6 18. Rae1 b6 19. fxe5 Bxe5 20. Qd2 Nc5 21. Bg5 Bf6 22. Bh6 Re8 23. Bd1 Ra7 24. b3 Rxe1 25. Rxe1 Re7 26. Bc2 Qe8 27. Rxe7 Qxe7 28. Qe3 Kf7 29. Kg1 Ba6 30. Qxe7+ Kxe7 31. Be3 b5 32. cxb5 Bxb5 33. Nf1 Na6 34. a4 Bxf1 35. Kxf1 Nb4 36. Bd1 Nxd5 37. Bd2 Bc3 38. Bf3 Bxd2 39. Bxd5 Kf6 40. Ke2 Bb4 41. Kd3 Ke5 42. Kc4 g5 43. h3 h5 44. Bb7 g4 45. hxg4 hxg4 46. Bc6 f4 47. Bb7 f3 48. gxf3 g3 49. f4+ Kxf4 50. Kd3 Ke5 1/2-1/2

[Event "Vaxjo op"]
[Site "Vaxjo"]
[Date "2025.02.07"]
[Round "1"]
[White "Sorensen, Hampus"]
[Black "Yang, Mandi"]
[Result "1-0"]
[WhiteElo "2430"]
[BlackElo "1882"]
[PlyCount "73"]
[EventDate "2025.02.07"]
[EventType "swiss"]
[EventRounds "8"]
[EventCountry "SWE"]
[SourceTitle "CB07_2025"]
[SourceDate "2025.02.12"]
[SourceVersion "1"]
[SourceVersionDate "2025.02.12"]
[SourceQuality "1"]

1. d4 Nf6 2. c4 e6 3. Nc3 Bb4 4. e3 0-0 5. Bd2 d5 6. Nf3 b6 7. cxd5 exd5 8. Rc1 Bb7 9. Bd3 Nbd7 10. 0-0 Re8 11. Nb5 Bxd2 12. Nxd2 Ba6 13. Qa4 Bxb5 14. Bxb5 c5 15. Rfd1 a6 16. Bxd7 Nxd7 17. dxc5 Nxc5 18. Qc2 Rc8 19. Nf3 Ne4 20. Qd3 Rxc1 21. Rxc1 Qf6 22. Rc2 Nc5 23. Qd1 Rd8 24. h3 h6 25. Rd2 Qc6 26. Qc2 Rc8 27. Nd4 Qd7 28. Qd1 Ne4 29. Rc2 Rc5 30. Nb3 Rxc2 31. Qxc2 Qf5 32. Nd4 Qf6 33. b3 Nc5 34. f3 Qg6 35. Nf5 Kf8 36. b4 Ne6 37. Qc8+ 1-0

[Event "Vaxjo op"]
[Site "Vaxjo"]
[Date "2025.02.07"]
[Round "4"]
[White "Tornberg, Carlos"]
[Black "Sorensen, Hampus"]
[Result "1/2-1/2"]
[WhiteElo "2086"]
[BlackElo "2430"]
[PlyCount "68"]
[EventDate "2025.02.07"]
[EventType "swiss"]
[EventRounds "8"]
[EventCountry "SWE"]
[SourceTitle "CB07_2025"]
[SourceDate "2025.02.12"]
[SourceVersion "1"]
[SourceVersionDate "2025.02.12"]
[SourceQuality "1"]

1. e4 c5 2. c3 Nf6 3. e5 Nd5 4. d4 cxd4 5. Qxd4 e6 6. Nf3 Nc6 7. Qe4 f5 8. Qe2 d6 9. g3 dxe5 10. Nxe5 Nxe5 11. Qxe5 Qf6 12. Bb5+ Kf7 13. Qe2 Be7 14. 0-0 Rd8 15. Re1 Bd7 16. Bxd7 Rxd7 17. Bg5 Qg6 18. Bxe7 Nxe7 19. Nd2 Nc6 20. Nf3 Qf6 21. Qxe6+ Qxe6 22. Ng5+ Kf6 23. Nxe6 Ne5 24. Re2 Re8 25. Nd4 Nf3+ 26. Kg2 Rxe2 27. Nxe2 Ne5 28. Nd4 Nc4 29. b3 Nd6 30. f3 Ne8 31. Re1 Nc7 32. Kf2 Nd5 33. Ne2 Rc7 34. Rc1 Ke5 1/2-1/2

[Event "Titled Tuesday intern op 07th Jan Early"]
[Site "Chess.com INT"]
[Date "2025.01.07"]
[Round "2"]
[White "Sorensen, Hampus"]
[Black "Sarana, Alexey"]
[Result "0-1"]
[WhiteElo "2424"]
[BlackElo "2677"]
[PlyCount "40"]
[EventDate "2025.01.07"]
[EventType "swiss (blitz)"]
[EventRounds "11"]
[EventCountry "USA"]
[SourceTitle "CB03_2025"]
[SourceDate "2025.01.15"]
[SourceVersion "1"]
[SourceVersionDate "2025.01.15"]
[SourceQuality "1"]

1. d4 d5 2. c4 e6 3. Nc3 Bb4 4. cxd5 exd5 5. Bf4 Nf6 6. e3 0-0 7. Bd3 c5 8. Nge2 Nc6 9. dxc5 Bxc5 10. 0-0 Bg4 11. h3 Bh5 12. Qb3 d4 13. Nxd4 Bxd4 14. exd4 Nxd4 15. Qxb7 Nf3+ 16. gxf3 Qxd3 17. Rfd1 Qf5 18. Rd4 Qxh3 19. Bg3 Rab8 20. Qxb8 Bxf3 0-1

[Event "Rilton Cup 52nd"]
[Site "Stockholm"]
[Date "2024.12.27"]
[Round "1"]
[White "Sorensen, Hampus"]
[Black "Aansh, Nandan Nerurkar"]
[Result "1-0"]
[WhiteElo "2415"]
[BlackElo "2216"]
[PlyCount "87"]
[EventDate "2024.12.27"]
[EventType "swiss"]
[EventRounds "9"]
[EventCountry "SWE"]
[SourceTitle "CB02_2025"]
[SourceDate "2025.01.08"]
[SourceVersion "1"]
[SourceVersionDate "2025.01.08"]
[SourceQuality "1"]

1. d4 Nf6 2. c4 e6 3. Nc3 Bb4 4. e3 0-0 5. Bd3 c5 6. Nge2 cxd4 7. exd4 d5 8. cxd5 Qxd5 9. 0-0 Qh5 10. Bf4 Nc6 11. a3 Be7 12. Qd2 Bd7 13. b4 Nd5 14. Nxd5 exd5 15. b5 Nd8 16. Be5 f6 17. Bg3 Qf7 18. Nc3 Be6 19. Rfe1 Rc8 20. Bc2 Re8 21. Qd3 g6 22. Bb3 Kg7 23. h3 b6 24. Qf3 Nb7 25. Bxd5 Bxd5 26. Nxd5 Bd6 27. Rxe8 Rxe8 28. Rc1 Qf8 29. Bxd6 Qxd6 30. Rc7+ Kh6 31. Rxh7+ Kxh7 32. Nxf6+ Kh6 33. Nxe8 Qxd4 34. Qf8+ Kg5 35. h4+ Kxh4 36. Qh6+ Kg4 37. Qxg6+ Kf4 38. g3+ Ke5 39. Qg7+ Kd5 40. Qxb7+ Kc4 41. Qc6+ Kb3 42. Qf3+ Ka2 43. Nf6 Qc5 44. Qd5+ 1-0